Collaboration As a Determinant of Local Development – Research Challenges

Úvahy o spolupráci a prezentuje ju zo subjektívnej a objektívnej perspektívy ako determinant lokálneho rozvoja. Pohľad na význam spolupráce v miestnej činnosti miestnych vládnych jednotiek v Poľsku, ktorý prezentuje dve kľúčové otázky týkajúce sa výskumu fenoménu spolupráce: 1. základné dimenzie mie...

ver descrição completa

Na minha lista:
Detalhes bibliográficos
Autor principal: Pierścieniak, Agata
Formato: Capítulo de Livro
Idioma:inglês
Assuntos:
Tags: Adicionar Tag
Sem tags, seja o primeiro a adicionar uma tag!

MARC

LEADER 00000nla a2200000 4500
001 0243891
005 20240417075140.0
041 0 |a eng 
044 |a SK 
245 1 0 |a Collaboration As a Determinant of Local Development – Research Challenges  |c Agata Pierścieniak 
520 |a Úvahy o spolupráci a prezentuje ju zo subjektívnej a objektívnej perspektívy ako determinant lokálneho rozvoja. Pohľad na význam spolupráce v miestnej činnosti miestnych vládnych jednotiek v Poľsku, ktorý prezentuje dve kľúčové otázky týkajúce sa výskumu fenoménu spolupráce: 1. základné dimenzie miestneho rozvoja, v rámci ktorých je možné identifikovať spoluprácu, 2. hlavné oblasti výskumu fenoménu spolupráce, ktoré sa odlišujú od perspektívy podnikania v kancelárii, t. j. perspektívy výskumného subjektu. 
610 2 0 |a samospráva regionálna 
610 2 0 |a samospráva miestna 
610 2 0 |a spolupráca regionálna 
610 2 0 |a spolupráca rozvojová 
610 2 0 |a rozvoj regionálny 
610 2 0 |a rozvoj sociálno-ekonomický 
610 2 0 |a rozvoj vidieka 
100 1 |a Pierścieniak, Agata